000 00736nam a2200253Ia 4500
003 OSt
005 20220925215312.0
006 a|||||r|||| 00| 0
007 ta
008 220923b |||||||| |||| 00| 0 eng d
020 _a0 435 97370 3
037 _cGeneral Book
040 _aRTL
_cRTL
_beng
041 _2eng
_aeng
082 _aX:75.657.N7, L8
100 _aKillick Tony
_930150
245 0 _aDevelopment economicsin action
_b A study of economi
260 _aLondon
_bHeinemann UK
_c1978
300 _axiii,392p. Bib p 361-80
_ccm.
490 _a(Studies in the economics of Africa
650 _aEconomics
942 _hX:75.657.N7, L8
_cGB
_2CC
999 _c568421
_d568421